South Asian Geography By Letter - T - Statistics

General Stats
  • This quiz has been taken 175 times
  • The average score is 11 of 18
Answer Stats
Hint Answer % Correct
White marble mausoleum in Agra Taj Mahal
98%
Islamist group ruling Afghanistan Taliban
98%
National animal of Bangladesh Bengal {Tiger}
95%
Type of natural disaster which devastated the Maldives in 2004 Tsunami
92%
What Darjeeling is famous for Tea
84%
Capital of Bhutan Thimphu
79%
Region that once was a country. Sometimes included as South Asian Tibet
70%
Nickname of Islamabad andRawalpindi, collectively {Twin} Cities
69%
National flower of Afghanistan Tulip
66%
Chennai is the capital of this state Tamil Nadu
51%
Official language of Andhra Pradesh Telugu
41%
Second largest ethnic groupin Afghanistan Tajiks
37%
Large desert in Rajasthan Thar Desert
37%
Ethnic group of 1,6 million peoplein Afghanistan Turkmens
33%
Currency of Bangladesh Taka
29%
Another Indian state where the above is official Telangana
25%
Capital of Kerala, India {Thiru}vananthapuram
24%
Northeastern Indian state Tripura
23%
No matching quizzes found
Score Distribution
Percent of People with Each Score
Percentile by Number Answered
Your Score History
You have not taken this quiz